A review of the situation of children: (Record no. 1711)

MARC details
000 -LEADER
fixed length control field 003180000a22001210004500
008 - FIXED-LENGTH DATA ELEMENTS--GENERAL INFORMATION
fixed length control field 230817t ||||| |||| 00| 0 eng d
082 ## - DEWEY DECIMAL CLASSIFICATION NUMBER
Classification number 305.23
Item number REV
942 ## - ADDED ENTRY ELEMENTS (KOHA)
Item Type Reports
245 ## - TITLE STATEMENT
Title A review of the situation of children:
Sub Title Sri Lanka
260 ## - PUBLICATION, DISTRIBUTION, ETC. (IMPRINT)
Place of Publication New Delhi:
Name of Publisher UNICEF,
Date of Copyright 1986
300 ## - PHYSICAL DESCRIPTION
Extent 43 p.
650 ## - SUBJECT ADDED ENTRY--TOPICAL TERM
Topical Term CHILDREN-Sri Lanka
Holdings
Withdrawn status Lost status Damaged status Not for loan Permanent location Current location Date acquired Total Checkouts Full call number Barcode Date last seen Price effective from Koha item type
        Resource center, Muslim Women's Research And Action Forum Resource center, Muslim Women's Research And Action Forum 2023-08-17   305.23 REV RAF4306 2023-08-17 2023-08-17 Reports

Copyright © 2023 Muslim Women's Research and Action Forum (MWRAF), No 27/3, Anderson Road, Kalubowila, Dehiwela. Funded by The Asia Fundation